Reklama, náklady na reprezentáciu, sponzorstvo

Daňové posúdenie jednotlivých výdavkov vynaložených na činnosti, ktorých cieľom je určitým spôsobom prezentovať samotnú osobu daňovníka, jej činnosť, poskytované služby alebo výrobky. Ilustračné príklady.

Salvato in:
Dettagli Bibliografici
Autore principale: Petrovická, Iveta
Natura: Capitolo di libro
Lingua:slovacco
Soggetti:
Tags: Aggiungi Tag
Nessun Tag, puoi essere il primo ad aggiungerne!!

MARC

LEADER 00000naa a2200000 4500
001 0248278
005 20221104111126.9
041 0 |a slo 
044 |a SK 
245 1 0 |a Reklama, náklady na reprezentáciu, sponzorstvo  |c Iveta Petrovická 
520 |a Daňové posúdenie jednotlivých výdavkov vynaložených na činnosti, ktorých cieľom je určitým spôsobom prezentovať samotnú osobu daňovníka, jej činnosť, poskytované služby alebo výrobky. Ilustračné príklady. 
610 2 0 |a reklama 
610 2 0 |a náklady daňové 
610 2 0 |a propagácia 
610 2 0 |a daňovníci 
610 2 0 |a šport 
610 2 0 |a sponzorovanie 
610 2 0 |a dane z príjmov 
100 1 |a Petrovická, Iveta